000 00466nam a2200169Ia 4500
999 _c593
_d593
003 OSt
005 20210914141232.0
008 190216s9999||||xx |||||||||||||| ||und||
040 _coclc
082 _a297
_bKHA/M
100 _aKhatham, Mannaal
_98794
245 0 _aMabahisu Fi Uloomul Quran /
_cMannaal Khatham
260 _bMakthab Isha At Ul Islam,
_aDelhi:
300 _a408p
650 _aArabic
942 _cBK
_2ddc
_h297
_iKHA/M
_k297
_mKHA/M